Sexual life in Ancient Rome /

محفوظ في:

المؤلف الرئيسي: Kiefer, Otto.

مؤلفون آخرون: Highet, Gilbert, 1906-1978., MacInnes, Helen, 1907-1985.

التنسيق: كتاب

اللغة: English

منشور في: London : Routledge & Kegan Paul,ltd., 1950.

الطبعة: 4th impression.

الموضوعات:

الوسوم: إضافة وسم

لا توجد وسوم, كن أول من يضع وسما على هذه التسجيلة!

رقم الطلب: HQ13 .K55 1950

LEADER 00956nam a22002657a 4500
003 OCoLC
005 20260112125925.0
008 260112t1950 enk 000 0 eng d
040 |c ARCE Library 
050 1 4 |a HQ13  |b .K55 1950 
100 1 |a Kiefer, Otto. 
245 1 0 |a Sexual life in Ancient Rome /   |c by Otto Kiefer ; with sixteen full-page plates. 
250 |a 4th impression. 
260 |a London :   |b Routledge & Kegan Paul,ltd.,   |c 1950. 
300 |a ix, 379 p., :   |b incl. geneal. tab., front., 16 plates ;   |c 23 cm. 
500 |a "Translated from 'Kulturgeschichte Roms unter besonderer berucksichtigung der römischen sitten' by Gilbert and Helen Highet." 
500 |a "Index of authors mentioned": p. 373-379. 
650 0 |a Sex. 
651 0 |a Rome   |x Moral conditions. 
651 0 |a Rome   |x Civilizaion. 
700 1 |a Highet, Gilbert,   |d 1906-1978. 
700 1 |a MacInnes, Helen,   |d 1907-1985. 
901 |a reviewed 
942 |2 lcc 
999 |c 46115  |d 46115